[Event "NB II. Breyer csoport"]
[Site "Nyergesujfalu"]
[Date "2024.02.18"]
[Round "4.1"]
[White "Kiss, Viktor"]
[Black "Berek, Geza"]
[Result "1/2-1/2"]
[WhiteElo "2183"]
[BlackElo "2177"]
[PlyCount "59"]
[EventDate "2023.10.08"]
[EventType "team-tourn"]
[EventRounds "9"]
[EventCountry "HUN"]
[Source "chess.hu"]
[WhiteTeam "Fehervar SE"]
[BlackTeam "NYVSE"]
[WhiteTeamCountry "HUN"]
[BlackTeamCountry "HUN"]

1. e4 g6 2. d4 Bg7 3. Nf3 d6 4. Nc3 Nf6 5. Be2 O-O 6. O-O Bg4 7. Re1 Nc6 8. d5
Nb8 9. Bg5 h6 10. Be3 c6 11. Qd2 Kh7 12. h3 Bxf3 13. Bxf3 Nbd7 14. Rad1 Qa5 15.
b4 Qc7 16. dxc6 bxc6 17. b5 Ne5 18. Be2 cxb5 19. Nxb5 Qc6 20. Nxa7 Qxe4 21. Bd4
Qf5 22. f4 Ned7 23. Bf3 e5 24. fxe5 dxe5 25. Bxa8 Rxa8 26. Be3 Qe6 27. Nb5 Rxa2
28. Nc3 Ra6 29. Nd5 Rc6 30. Nxf6+ 1/2-1/2

[Event "NB II. Breyer csoport"]
[Site "Nyergesujfalu"]
[Date "2024.02.18"]
[Round "4.2"]
[White "Horvath, Kalman"]
[Black "Albrecht, Gabor"]
[Result "0-1"]
[WhiteElo "2080"]
[BlackElo "2110"]
[PlyCount "87"]
[EventDate "2023.10.08"]
[EventType "team-tourn"]
[EventRounds "9"]
[EventCountry "HUN"]
[Source "chess.hu"]
[WhiteTeam "NYVSE"]
[BlackTeam "Fehervar SE"]
[WhiteTeamCountry "HUN"]
[BlackTeamCountry "HUN"]

1. c4 e6 2. Nc3 d5 3. cxd5 exd5 4. d4 c6 5. Nf3 Nf6 6. Bg5 h6 7. Bh4 Be7 8. e3
Bf5 9. Bd3 Bxd3 10. Qxd3 O-O 11. O-O Nbd7 12. Rac1 Re8 13. Rfd1 a5 14. Ne2 Ne4
15. Bxe7 Qxe7 16. Ng3 Ndf6 17. Qc2 Ng4 18. Nxe4 dxe4 19. Ne1 Qd6 20. g3 Rad8
21. Qe2 Qg6 22. h3 Nf6 23. Ng2 Qf5 24. Kh2 Nh7 25. Nh4 Qe6 26. b3 Rd5 27. Ng2
Ng5 28. Nf4 Qd7 29. Rc5 Rxc5 30. dxc5 Qf5 31. Qc2 Nf3+ 32. Kg2 Re5 33. g4 Rxc5
34. Qb2 Qg5 35. Rd7 Rc2 36. Qa1 Qh4 37. Qf1 h5 38. Nxh5 Nh2 39. Rd8+ Qxd8 40.
Kxh2 Qd2 41. Kg2 Qxe3 42. Kg1 Qf3 43. Qa1 Qxf2+ 44. Kh1 0-1

[Event "NB II. Breyer csoport"]
[Site "Nyergesujfalu"]
[Date "2024.02.18"]
[Round "4.3"]
[White "Papagorasz, Takisz"]
[Black "Ikanov, Imre"]
[Result "1-0"]
[WhiteElo "2126"]
[BlackElo "1956"]
[PlyCount "91"]
[EventDate "2023.10.08"]
[EventType "team-tourn"]
[EventRounds "9"]
[EventCountry "HUN"]
[Source "chess.hu"]
[WhiteTeam "Fehervar SE"]
[BlackTeam "NYVSE"]
[WhiteTeamCountry "HUN"]
[BlackTeamCountry "HUN"]

1. d4 e6 2. c4 f5 3. g3 c6 4. Bg2 d5 5. Nf3 Nf6 6. O-O Be7 7. b3 O-O 8. Ba3 Ne4
9. Bxe7 Qxe7 10. Qc2 Nd7 11. Nbd2 Ndf6 12. Ne5 Bd7 13. e3 Nxd2 14. Qxd2 Rae8
15. a4 Bc8 16. c5 Nd7 17. f4 Nxe5 18. fxe5 g5 19. Rf2 Kh8 20. Bf1 a6 21. b4 Bd7
22. Bd3 Rg8 23. Qe2 Qg7 24. b5 axb5 25. axb5 Ra8 26. Rff1 Rgf8 27. b6 h6 28.
Ra7 Rxa7 29. bxa7 Ra8 30. Ra1 Be8 31. g4 fxg4 32. Qxg4 Bg6 33. Qe2 Qh7 34. Bxg6
Qxg6 35. Qf3 g4 36. Qf4 Kg7 37. Rf1 Qf5 38. Qg3 Qg5 39. Qf2 Qf5 40. Qh4 Qg5 41.
Qxg5+ hxg5 42. Ra1 Kg6 43. Kg2 Kf5 44. Kg3 Ke4 45. Ra3 Kf5 46. Ra4 1-0

[Event "NB II. Breyer csoport"]
[Site "Nyergesujfalu"]
[Date "2024.02.18"]
[Round "4.4"]
[White "Draga, Balazs"]
[Black "Csire, Bence"]
[Result "0-1"]
[WhiteElo "1957"]
[BlackElo "2092"]
[PlyCount "66"]
[EventDate "2023.10.08"]
[EventType "team-tourn"]
[EventRounds "9"]
[EventCountry "HUN"]
[Source "chess.hu"]
[WhiteTeam "NYVSE"]
[BlackTeam "Fehervar SE"]
[WhiteTeamCountry "HUN"]
[BlackTeamCountry "HUN"]

1. c4 e6 2. g3 d5 3. Nf3 Nf6 4. Bg2 Be7 5. b3 O-O 6. O-O c5 7. e3 b6 8. Bb2 Bb7
9. Qe2 dxc4 10. bxc4 Nc6 11. Rd1 Qc7 12. a4 Rfd8 13. Na3 Rac8 14. d3 Nb4 15.
Bc3 Bc6 16. Nb5 Qb7 17. Bxb4 cxb4 18. a5 Bxb5 19. cxb5 Nd5 20. Qb2 Nc3 21. Nd4
Nxd1 22. Rxd1 Qc7 23. axb6 Qxb6 24. Nc6 Rd7 25. Nxe7+ Rxe7 26. Qxb4 Rec7 27.
Qa4 g6 28. Bc6 a6 29. d4 axb5 30. Bxb5 Ra7 31. Qb3 Rb8 32. Rb1 Qa5 33. Qd3 Rab7
0-1

[Event "NB II. Breyer csoport"]
[Site "Nyergesujfalu"]
[Date "2024.02.18"]
[Round "4.5"]
[White "Fellegi, Zoltan"]
[Black "Kovacs, Milan"]
[Result "1/2-1/2"]
[WhiteElo "1975"]
[BlackElo "2035"]
[PlyCount "85"]
[EventDate "2023.10.08"]
[EventType "team-tourn"]
[EventRounds "9"]
[EventCountry "HUN"]
[Source "chess.hu"]
[WhiteTeam "Fehervar SE"]
[BlackTeam "NYVSE"]
[WhiteTeamCountry "HUN"]
[BlackTeamCountry "HUN"]

1. e4 d6 2. d4 Nf6 3. Nc3 g6 4. Nf3 Bg7 5. h3 O-O 6. Be3 e5 7. dxe5 dxe5 8. Bc4
Nc6 9. a3 Qe7 10. Qe2 Be6 11. Nd5 Bxd5 12. exd5 Na5 13. Ba2 b6 14. O-O Nb7 15.
Rac1 a5 16. c4 Nd7 17. Qd2 a4 18. Rfd1 Ndc5 19. Bh6 f6 20. Bxg7 Kxg7 21. Qe3
Rae8 22. Re1 Qd7 23. Bb1 Nd6 24. Qc3 Kg8 25. Rcd1 Re7 26. Bc2 Rg7 27. Nd2 g5
28. g4 Qe8 29. Nf1 Qc8 30. Ng3 Qa6 31. Nf5 Rd7 32. Ne3 Rb8 33. Bf5 Re7 34. Kg2
b5 35. cxb5 Qxb5 36. h4 gxh4 37. Rh1 Nce4 38. Bxe4 Nxe4 39. Qc2 Ng5 40. Rxh4
Qxb2 41. Qxa4 Qb5 42. Qxb5 Rxb5 43. d6 1/2-1/2

[Event "NB II. Breyer csoport"]
[Site "Nyergesujfalu"]
[Date "2024.02.18"]
[Round "4.6"]
[White "Bognar, Attila"]
[Black "Nadi, Ferenc"]
[Result "1-0"]
[WhiteElo "1840"]
[BlackElo "2041"]
[PlyCount "77"]
[EventDate "2023.10.08"]
[EventType "team-tourn"]
[EventRounds "9"]
[EventCountry "HUN"]
[Source "chess.hu"]
[WhiteTeam "NYVSE"]
[BlackTeam "Fehervar SE"]
[WhiteTeamCountry "HUN"]
[BlackTeamCountry "HUN"]

1. e4 c6 2. Nc3 d5 3. Nf3 dxe4 4. Nxe4 Nf6 5. Qe2 Nxe4 6. Qxe4 Nd7 7. Bc4 Nf6
8. Qe2 Bg4 9. Bxf7+ Kxf7 10. Ne5+ Ke8 11. Nxg4 Qd5 12. Ne3 Qe6 13. d3 g6 14.
Bd2 Bg7 15. Bc3 Kf7 16. Nc4 Qxe2+ 17. Kxe2 Rhe8 18. g3 Nd7 19. Bxg7 Kxg7 20. f4
e5 21. Nxe5 Nxe5 22. fxe5 Rxe5+ 23. Kd2 Rf8 24. Raf1 Rxf1 25. Rxf1 Rh5 26. Rf2
c5 27. c4 Re5 28. a3 a5 29. b3 g5 30. Kc3 g4 31. b4 axb4+ 32. axb4 b6 33. Ra2
Re3 34. bxc5 bxc5 35. Ra5 Re5 36. Ra7+ Kg6 37. Kd2 h5 38. Ra5 Kf5 39. d4 1-0

[Event "NB II. Breyer csoport"]
[Site "Nyergesujfalu"]
[Date "2024.02.18"]
[Round "4.7"]
[White "Grull, Denes"]
[Black "Gal, Lajos"]
[Result "1-0"]
[WhiteElo "1861"]
[BlackElo "1805"]
[PlyCount "109"]
[EventDate "2023.10.08"]
[EventType "team-tourn"]
[EventRounds "9"]
[EventCountry "HUN"]
[Source "chess.hu"]
[WhiteTeam "Fehervar SE"]
[BlackTeam "NYVSE"]
[WhiteTeamCountry "HUN"]
[BlackTeamCountry "HUN"]

1. d4 d5 2. Bf4 e6 3. e3 Bd6 4. Bg3 Bxg3 5. hxg3 c5 6. c3 Qb6 7. Qb3 Nd7 8. Nf3
Qxb3 9. axb3 b6 10. Bd3 Ngf6 11. Nbd2 Bb7 12. Rh4 Ke7 13. Ba6 Bc6 14. Bd3 h6
15. Ne5 Nxe5 16. dxe5 Nd7 17. f4 b5 18. Kf2 c4 19. Bc2 a5 20. Rhh1 f6 21. exf6+
Nxf6 22. bxc4 dxc4 23. Nf3 Be4 24. Bd1 Ng4+ 25. Ke2 Bd3+ 26. Kd2 Nf2 27. Rh5
Bf5 28. Nd4 Ne4+ 29. Ke1 Nxg3 30. Rh4 b4 31. Bf3 bxc3 32. bxc3 Ra6 33. Kf2 Ne4+
34. Bxe4 Bxe4 35. Rh5 Rb8 36. g4 Rb2+ 37. Kg3 Kf6 38. Rhxa5 Rxa5 39. Rxa5 Rb6
40. Rc5 Bd3 41. Rc6 Rxc6 42. Nxc6 g6 43. Kf3 g5 44. Ne5 Bf1 45. Ke4 Be2 46. Kd4
h5 47. fxg5+ Kxg5 48. gxh5 Bxh5 49. Nxc4 Kf5 50. e4+ Kf4 51. e5 Bf3 52. Nb6 Bc6
53. c4 Be8 54. Nc8 Kf5 55. Nd6+ 1-0

[Event "NB II. Breyer csoport"]
[Site "Nyergesujfalu"]
[Date "2024.02.18"]
[Round "4.8"]
[White "Balonyi, Roland"]
[Black "Somos, Mate"]
[Result "1-0"]
[WhiteElo "1757"]
[BlackElo "1743"]
[PlyCount "79"]
[EventDate "2023.10.08"]
[EventType "team-tourn"]
[EventRounds "9"]
[EventCountry "HUN"]
[Source "chess.hu"]
[WhiteTeam "NYVSE"]
[BlackTeam "Fehervar SE"]
[WhiteTeamCountry "HUN"]
[BlackTeamCountry "HUN"]

1. d4 d5 2. Nc3 Nf6 3. Bf4 e6 4. e3 Bb4 5. Nf3 Ne4 6. a3 Bxc3+ 7. bxc3 Nxc3 8.
Qd3 Ne4 9. Be2 b6 10. Qb3 O-O 11. Ne5 c5 12. dxc5 Nxc5 13. Qa2 Bb7 14. O-O Nbd7
15. Rfd1 Ne4 16. Qb2 Ndc5 17. Bf3 Qe7 18. a4 f6 19. Nd3 e5 20. Nxc5 Qxc5 21.
Bg3 Nxg3 22. hxg3 Rfd8 23. Qb3 e4 24. Bxe4 Kh8 25. Bf3 Rac8 26. Rac1 Qc4 27.
Qb5 Ba6 28. Qb3 d4 29. exd4 Rxd4 30. Rxd4 Qxd4 31. Qf7 Qd2 32. Rd1 Qxc2 33. Qe7
Rg8 34. Rd5 Bc4 35. Rh5 Qxa4 36. g4 a5 37. Be4 Qa1+ 38. Kh2 f5 39. Rxh7+ Kxh7
40. Bxf5+ 1-0

[Event "NB II. Breyer csoport"]
[Site "Nyergesujfalu"]
[Date "2024.02.18"]
[Round "4.9"]
[White "Rabi-Nagy, Daniel"]
[Black "Meszaros, Vilmos"]
[Result "1-0"]
[WhiteElo "1722"]
[BlackElo "1717"]
[PlyCount "83"]
[EventDate "2023.10.08"]
[EventType "team-tourn"]
[EventRounds "9"]
[EventCountry "HUN"]
[Source "chess.hu"]
[WhiteTeam "Fehervar SE"]
[BlackTeam "NYVSE"]
[WhiteTeamCountry "HUN"]
[BlackTeamCountry "HUN"]

1. e4 Nf6 2. Nc3 e5 3. Nf3 Nc6 4. Bc4 h6 5. d3 Bc5 6. O-O d6 7. h3 Be6 8. Bb3
Qd7 9. Bxe6 fxe6 10. Na4 Bb6 11. Nxb6 axb6 12. b3 g5 13. Nh2 Qf7 14. c3 O-O-O
15. a4 d5 16. Qe2 d4 17. c4 Nh5 18. g3 Nf6 19. Bd2 Kd7 20. b4 Ra8 21. b5 Na5
22. Bxa5 Rxa5 23. Nf3 Kd6 24. Nxd4 Rha8 25. Nb3 Rxa4 26. Rxa4 Rxa4 27. c5+ Ke7
28. cxb6 cxb6 29. Rc1 Nd7 30. Rc7 Ra7 31. Qe3 Ra3 32. Nd2 Kd8 33. Rxb7 Qh5 34.
g4 Qe8 35. Nc4 Nc5 36. Rb8+ Ke7 37. Rxe8+ Kxe8 38. Nxe5 Rb3 39. Qe2 Rxb5 40. d4
Rb1+ 41. Kg2 Na4 42. Qc2 1-0

[Event "NB II. Breyer csoport"]
[Site "Nyergesujfalu"]
[Date "2024.02.18"]
[Round "4.10"]
[White "Klinga, Matyas"]
[Black "Barna, Tamas"]
[Result "1-0"]
[WhiteElo "1230"]
[BlackElo "1436"]
[PlyCount "47"]
[EventDate "2023.10.08"]
[EventType "team-tourn"]
[EventRounds "9"]
[EventCountry "HUN"]
[Source "chess.hu"]
[WhiteTeam "NYVSE"]
[BlackTeam "Fehervar SE"]
[WhiteTeamCountry "HUN"]
[BlackTeamCountry "HUN"]

1. e4 c5 2. Nf3 d6 3. Nc3 Nf6 4. h3 a6 5. a3 g6 6. b4 Nbd7 7. Bb2 Bg7 8. Nd5
O-O 9. Nxf6+ Nxf6 10. Bd3 Bd7 11. c4 Bc6 12. Qc2 b5 13. O-O Qb6 14. bxc5 dxc5
15. Ne5 Bb7 16. Rab1 Rfd8 17. Bc3 Qd6 18. f4 Rab8 19. cxb5 c4 20. Nxc4 Qxd3 21.
Qxd3 Rxd3 22. bxa6 Nxe4 23. Rxb7 Nxc3 24. Rxb8+ 1-0

[Event "NB II. Breyer csoport"]
[Site "Nyergesujfalu"]
[Date "2024.02.18"]
[Round "4.11"]
[White "Kecskemeti, Attila"]
[Black "Csorba, Zalan"]
[Result "1-0"]
[WhiteElo "1451"]
[BlackElo "1221"]
[PlyCount "69"]
[EventDate "2023.10.08"]
[EventType "team-tourn"]
[EventRounds "9"]
[EventCountry "HUN"]
[Source "chess.hu"]
[WhiteTeam "Fehervar SE"]
[BlackTeam "NYVSE"]
[WhiteTeamCountry "HUN"]
[BlackTeamCountry "HUN"]

1. e4 e5 2. Nc3 Nf6 3. f4 Nc6 4. fxe5 Nxe5 5. d4 Nc6 6. e5 Ng8 7. Nf3 d5 8. Bb5
h6 9. O-O Bd7 10. Nxd5 a6 11. Bc4 Be6 12. Ne3 Bxc4 13. Nxc4 Nge7 14. c3 Nd5 15.
Qe1 Be7 16. Qg3 g5 17. Qh3 Qd7 18. Qxd7+ Kxd7 19. Ne3 Ke6 20. c4 Nxe3 21. Bxe3
Kd7 22. a3 g4 23. Nd2 Rh7 24. Ne4 Rg8 25. Nf6+ Bxf6 26. Rxf6 h5 27. Raf1 Ke7
28. R6f5 Ke8 29. d5 Ne7 30. R5f4 Rg5 31. Rxf7 Rxf7 32. Bxg5 Rf5 33. Bxe7 Rxf1+
34. Kxf1 Kxe7 35. Kf2 1-0

[Event "NB II. Breyer csoport"]
[Site "Tatabanya"]
[Date "2024.02.18"]
[Round "4.1"]
[White "Berta, Sandor"]
[Black "Farkas, Gyula"]
[Result "1-0"]
[WhiteElo "2065"]
[BlackElo "2116"]
[PlyCount "136"]
[EventDate "2023.10.08"]
[EventType "team-tourn"]
[EventRounds "9"]
[EventCountry "HUN"]
[Source "chess.hu"]
[WhiteTeam "MTK Budapest II."]
[BlackTeam "Tatabanyai SC"]
[WhiteTeamCountry "HUN"]
[BlackTeamCountry "HUN"]

1. d4 c5 2. dxc5 Nf6 3. Nf3 e6 4. c4 Na6 5. Nc3 Nxc5 6. e3 b6 7. Be2 Bb7 8. O-O
Be7 9. Nb5 Nce4 10. Ne1 a6 11. Nd4 Qc7 12. f3 Nd6 13. b3 e5 14. Ndc2 e4 15. Nd4
O-O 16. Bb2 Rfd8 17. Rc1 Rac8 18. a3 Qc5 19. b4 Qg5 20. f4 Qg6 21. Kh1 h5 22.
g3 Ng4 23. Ng2 f5 24. h3 Nf6 25. Kh2 Qh7 26. Qb3 Kf8 27. Rfd1 g6 28. Rd2 Qf7
29. Rdc2 Rb8 30. Qc3 Rdc8 31. Qd2 Rc7 32. c5 bxc5 33. bxc5 Nde8 34. Qa5 Ra8 35.
Ba1 Bd5 36. c6 dxc6 37. Nxc6 Bxc6 38. Rxc6 Rxc6 39. Rxc6 Qa2 40. Bxf6 Nxf6 41.
Bc4 Qb2 42. Rxf6+ Bxf6 43. Qd5 Kg7 44. Qxa8 h4 45. Qg8+ Kh6 46. gxh4 Qxa3 47.
h5 gxh5 48. Qe6 Qc3 49. Bxa6 Kg7 50. Qxf5 h4 51. Qxe4 Qb2 52. Qf3 Qa3 53. Be2
Qc1 54. Qf2 Qd2 55. Ne1 Qb2 56. Nf3 Kf8 57. Kg2 Be7 58. Nd4 Qa2 59. Bf3 Qg8+
60. Bg4 Qd5+ 61. Qf3 Qa2+ 62. Qe2 Qd5+ 63. Kf2 Bb4 64. Qb5 Qd6 65. Qd7 Qf6 66.
Qc8+ Kg7 67. Qb7+ Be7 68. Qxe7+ Qxe7 1-0

[Event "NB II. Breyer csoport"]
[Site "Tatabanya"]
[Date "2024.02.18"]
[Round "4.2"]
[White "Simonics, Peter"]
[Black "Thierry, Edvard"]
[Result "1-0"]
[WhiteElo "2087"]
[BlackElo "1850"]
[PlyCount "63"]
[EventDate "2023.10.08"]
[EventType "team-tourn"]
[EventRounds "9"]
[EventCountry "HUN"]
[Source "chess.hu"]
[WhiteTeam "Tatabanyai SC"]
[BlackTeam "MTK Budapest II."]
[WhiteTeamCountry "HUN"]
[BlackTeamCountry "HUN"]

1. e4 e6 2. d4 d5 3. Nc3 dxe4 4. Nxe4 Nf6 5. Bg5 Be7 6. Bxf6 Bxf6 7. Nf3 b6 8.
Qd2 Bb7 9. Bd3 Nc6 10. c3 e5 11. dxe5 Nxe5 12. Nxe5 Bxe5 13. O-O-O O-O 14. Rhe1
Bxe4 15. Rxe4 Bf6 16. Rg4 Qc8 17. Qf4 Qe6 18. Qf3 g6 19. h4 Rad8 20. h5 Qe5 21.
Rh1 Bg7 22. hxg6 fxg6 23. Qh3 Rxf2 24. Re4 Qg5+ 25. Kb1 Qd2 26. Qe6+ Rf7 27.
Bc4 Rdf8 28. Qh3 h6 29. Re7 Qf2 30. Qe6 Qf5+ 31. Qxf5 gxf5 32. Rxc7 1-0

[Event "NB II. Breyer csoport"]
[Site "Tatabanya"]
[Date "2024.02.18"]
[Round "4.3"]
[White "Fekete, Martin"]
[Black "Gaspar, David"]
[Result "0-1"]
[WhiteElo "1921"]
[BlackElo "2010"]
[PlyCount "70"]
[EventDate "2023.10.08"]
[EventType "team-tourn"]
[EventRounds "9"]
[EventCountry "HUN"]
[Source "chess.hu"]
[WhiteTeam "MTK Budapest II."]
[BlackTeam "Tatabanyai SC"]
[WhiteTeamCountry "HUN"]
[BlackTeamCountry "HUN"]

1. e4 d5 2. Nc3 d4 3. Nce2 c5 4. d3 e5 5. f4 Nc6 6. h3 exf4 7. Bxf4 g5 8. Bg3
Be6 9. Nf3 Bh6 10. Bf2 Qb6 11. Qb1 g4 12. hxg4 Bxg4 13. c3 O-O-O 14. Qc2 Kb8
15. Rh4 Bxf3 16. gxf3 Ka8 17. f4 Qa5 18. Rh5 Bg7 19. b4 Qa3 20. Rxc5 dxc3 21.
Nxc3 Nxb4 22. Qd2 Nf6 23. Rb1 Ng4 24. Rb3 Qa6 25. Bh4 Nxd3+ 26. Bxd3 Rxd3 27.
Ra5 Rxd2 28. Rxa6 Rh2 29. Ra5 Bxc3+ 30. Rxc3 Rxh4 31. Rac5 a6 32. Rf5 f6 33.
Rg3 Re8 34. Kf1 Rxe4 35. a3 Ne3+ 0-1

[Event "NB II. Breyer csoport"]
[Site "Tatabanya"]
[Date "2024.02.18"]
[Round "4.4"]
[White "Nemeti, Kornel"]
[Black "Fodor, Kornel"]
[Result "1-0"]
[WhiteElo "2140"]
[BlackElo "1889"]
[PlyCount "77"]
[EventDate "2023.10.08"]
[EventType "team-tourn"]
[EventRounds "9"]
[EventCountry "HUN"]
[Source "chess.hu"]
[WhiteTeam "Tatabanyai SC"]
[BlackTeam "MTK Budapest II."]
[WhiteTeamCountry "HUN"]
[BlackTeamCountry "HUN"]

1. d4 Nf6 2. Nf3 g6 3. Bf4 Bg7 4. e3 O-O 5. Be2 d6 6. O-O Nh5 7. Bg5 h6 8. Bh4
g5 9. Nfd2 Nf6 10. Bg3 Nc6 11. c4 e5 12. dxe5 dxe5 13. Nc3 Qe7 14. Qb3 e4 15.
Nd5 Nxd5 16. cxd5 Nd8 17. Rac1 c6 18. d6 Qe6 19. Bc4 Qg6 20. a4 Kh8 21. f3 f5
22. fxe4 f4 23. exf4 Qxd6 24. Nf3 gxf4 25. Rcd1 Qc5+ 26. Bf2 Qh5 27. Bh4 Bg4
28. Be1 Nf7 29. Bb4 c5 30. Rd5 Qg6 31. Bxc5 Rfe8 32. Rd2 Ng5 33. Nxg5 Qxg5 34.
Rd5 Qg6 35. Bd4 Qxe4 36. Bxg7+ Kxg7 37. Qc3+ Kf8 38. Qf6+ Kg8 39. Rg5+ 1-0

[Event "NB II. Breyer csoport"]
[Site "Tatabanya"]
[Date "2024.02.18"]
[Round "4.5"]
[White "Gondor, Jakab"]
[Black "Joba, Arpad"]
[Result "1/2-1/2"]
[WhiteElo "1793"]
[BlackElo "2096"]
[PlyCount "61"]
[EventDate "2023.10.08"]
[EventType "team-tourn"]
[EventRounds "9"]
[EventCountry "HUN"]
[Source "chess.hu"]
[WhiteTeam "MTK Budapest II."]
[BlackTeam "Tatabanyai SC"]
[WhiteTeamCountry "HUN"]
[BlackTeamCountry "HUN"]

1. d4 Nf6 2. c4 g6 3. Nc3 Bg7 4. e4 d6 5. h3 O-O 6. Bg5 c5 7. Nf3 Qa5 8. Qd2
cxd4 9. Nxd4 Nxe4 10. Nxe4 Qxd2+ 11. Kxd2 Bxd4 12. Bxe7 Re8 13. Nf6+ Bxf6 14.
Bxf6 Nd7 15. Bc3 Nc5 16. f3 b6 17. Bd3 Ba6 18. Rhe1 d5 19. Bc2 dxc4 20. Rxe8+
Rxe8 21. Re1 Rxe1 22. Kxe1 Bb7 23. Kd2 Ne6 24. Ke3 f5 25. Be5 Kf7 26. g4 fxg4
27. hxg4 b5 28. f4 Nc5 29. Bd4 Na4 30. Bxa4 bxa4 31. Bxa7 1/2-1/2

[Event "NB II. Breyer csoport"]
[Site "Tatabanya"]
[Date "2024.02.18"]
[Round "4.6"]
[White "Sike, Tamas"]
[Black "Szabo, Bela"]
[Result "1-0"]
[WhiteElo "2050"]
[BlackElo "1625"]
[PlyCount "101"]
[EventDate "2023.10.08"]
[EventType "team-tourn"]
[EventRounds "9"]
[EventCountry "HUN"]
[Source "chess.hu"]
[WhiteTeam "Tatabanyai SC"]
[BlackTeam "MTK Budapest II."]
[WhiteTeamCountry "HUN"]
[BlackTeamCountry "HUN"]

1. b3 Nf6 2. Bb2 d6 3. e3 e5 4. Nf3 Bf5 5. d4 e4 6. Nfd2 Be7 7. c4 c6 8. Be2
O-O 9. Nc3 d5 10. Rc1 Na6 11. a3 Nc7 12. O-O Qd7 13. b4 Rfe8 14. Qb3 Rab8 15.
a4 Ng4 16. Bxg4 Bxg4 17. cxd5 cxd5 18. b5 Be6 19. Ba3 Bg5 20. Rc2 b6 21. Na2 h5
22. Nb4 Rec8 23. Nc6 Rb7 24. Rfc1 Qe8 25. Qb4 Na8 26. Qd6 Rbc7 27. Qe5 f5 28.
Qg3 Bf6 29. Bd6 h4 30. Qh3 f4 31. Ne7+ Qxe7 32. Bxe7 Bxh3 33. Rxc7 Nxc7 34.
Bxf6 fxe3 35. fxe3 gxf6 36. gxh3 Kf7 37. Rc6 Ke7 38. Kf2 f5 39. Rh6 Rf8 40.
Rxh4 Rf7 41. Nf1 Ne6 42. Rh5 f4 43. Rxd5 fxe3+ 44. Ke1 e2 45. Ng3 Rf4 46. Re5
e3 47. d5 Rxa4 48. dxe6 a5 49. bxa6 Rxa6 50. Nf5+ Ke8 51. e7 1-0

[Event "NB II. Breyer csoport"]
[Site "Tatabanya"]
[Date "2024.02.18"]
[Round "4.7"]
[White "Toth, Timea"]
[Black "Szekely, Csaba"]
[Result "0-1"]
[WhiteElo "1550"]
[BlackElo "2077"]
[PlyCount "88"]
[EventDate "2023.10.08"]
[EventType "team-tourn"]
[EventRounds "9"]
[EventCountry "HUN"]
[Source "chess.hu"]
[WhiteTeam "MTK Budapest II."]
[BlackTeam "Tatabanyai SC"]
[WhiteTeamCountry "HUN"]
[BlackTeamCountry "HUN"]

1. e4 d6 2. d4 Nf6 3. Bd3 Nc6 4. c3 e5 5. d5 Ne7 6. Bg5 Ng6 7. Bb5+ Bd7 8. Qb3
Be7 9. Nd2 c6 10. dxc6 bxc6 11. Bc4 O-O 12. Ne2 h6 13. Bxf6 Bxf6 14. Rd1 Qc7
15. h3 Rab8 16. Qc2 Be7 17. Bb3 Kh8 18. Qd3 f5 19. g4 fxg4 20. hxg4 Bh4 21. Nf3
Rxf3 22. Qxf3 Rf8 23. Qg2 Rxf2 24. Qxf2 Bxf2+ 25. Kxf2 Bxg4 26. Rdg1 Qb6+ 27.
Ke1 Bxe2 28. Kxe2 Nf4+ 29. Kf3 Qb5 30. Rh2 Qd3+ 31. Kg4 Qxe4 32. Bc2 Nd3+ 33.
Kh5 Qf5+ 34. Kh4 Qf4+ 35. Kh3 Nf2+ 36. Kg2 Ng4 37. Rh5 Ne3+ 38. Kh3 Nxc2 39.
Rh4 Qf5+ 40. Kh2 Ne3 41. Rh3 Ng4+ 42. Kg2 Qe4+ 43. Kg3 Qf4+ 44. Kg2 Qd2+ 0-1

[Event "NB II. Breyer csoport"]
[Site "Tatabanya"]
[Date "2024.02.18"]
[Round "4.8"]
[White "Matis, Tibor"]
[Black "Geczi-Zajzon, Kristof"]
[Result "0-1"]
[WhiteElo "1932"]
[BlackElo "1696"]
[PlyCount "58"]
[EventDate "2023.10.08"]
[EventType "team-tourn"]
[EventRounds "9"]
[EventCountry "HUN"]
[Source "chess.hu"]
[WhiteTeam "Tatabanyai SC"]
[BlackTeam "MTK Budapest II."]
[WhiteTeamCountry "HUN"]
[BlackTeamCountry "HUN"]

1. e4 c5 2. Nf3 d6 3. d4 cxd4 4. Nxd4 Nf6 5. Nc3 a6 6. Be2 e5 7. Nb3 Be6 8. O-O
Be7 9. Be3 b5 10. Bf3 O-O 11. Qd2 Nbd7 12. h3 Nb6 13. Bxb6 Qxb6 14. Rfe1 Rac8
15. a4 b4 16. Nd5 Nxd5 17. exd5 Bf5 18. a5 Qc7 19. Rac1 h6 20. Qxb4 Bg5 21. Be2
Rb8 22. Qa3 Bxc1 23. Rxc1 Be4 24. c4 Qb7 25. Rc3 Qb4 26. Qa1 Rfc8 27. Nd2 Bf5
28. b3 Rc5 29. Rg3 Qxd2 0-1

[Event "NB II. Breyer csoport"]
[Site "Tatabanya"]
[Date "2024.02.18"]
[Round "4.10"]
[White "Szanto, Levente"]
[Black "Gergely, Balint"]
[Result "1-0"]
[WhiteElo "1924"]
[BlackElo "1368"]
[PlyCount "63"]
[EventDate "2023.10.08"]
[EventType "team-tourn"]
[EventRounds "9"]
[EventCountry "HUN"]
[Source "chess.hu"]
[WhiteTeam "Tatabanyai SC"]
[BlackTeam "MTK Budapest II."]
[WhiteTeamCountry "HUN"]
[BlackTeamCountry "HUN"]

1. e4 c5 2. Nf3 Nc6 3. d4 cxd4 4. Nxd4 g6 5. Nc3 Bg7 6. Be3 Nf6 7. Be2 O-O 8.
h4 d6 9. h5 Nxd4 10. Bxd4 b6 11. Qd2 Bb7 12. f3 e6 13. Be3 d5 14. e5 Nd7 15.
Bh6 Nxe5 16. Bxg7 Kxg7 17. hxg6 Nxg6 18. O-O-O Rh8 19. Qh6+ Kg8 20. Ne4 Qe7 21.
Ng3 f6 22. Bd3 Qg7 23. Qe3 Kf7 24. Rh3 Rac8 25. Rdh1 Rc6 26. Nh5 Qf8 27. Nf4 f5
28. Nxg6 Kxg6 29. Rh6+ Kf7 30. Rxh7+ Rxh7 31. Rxh7+ Ke8 32. Rxb7 1-0

[Event "NB II. Breyer csoport"]
[Site "Tatabanya"]
[Date "2024.02.18"]
[Round "4.11"]
[White "Kiss, Villo"]
[Black "Kosa, Andras Jozsef"]
[Result "0-1"]
[WhiteElo "1117"]
[BlackElo "1764"]
[PlyCount "62"]
[EventDate "2023.10.08"]
[EventType "team-tourn"]
[EventRounds "9"]
[EventCountry "HUN"]
[Source "chess.hu"]
[WhiteTeam "MTK Budapest II."]
[BlackTeam "Tatabanyai SC"]
[WhiteTeamCountry "HUN"]
[BlackTeamCountry "HUN"]

1. Nf3 f5 2. d4 Nf6 3. g3 e6 4. Bg2 Be7 5. O-O O-O 6. c4 c6 7. b3 d5 8. Nc3
Nbd7 9. Bb2 Ne4 10. Nd2 Ndf6 11. f3 Ng5 12. e4 dxe4 13. fxe4 Qxd4+ 14. Kh1 Ng4
15. Nd5 Qxb2 16. Nxe7+ Kh8 17. Qxg4 Qxa1 18. Qxg5 Qf6 19. Qxf6 Rxf6 20. exf5
exf5 21. Nf3 g6 22. Rd1 Be6 23. Rd6 Re8 24. Nd5 cxd5 25. cxd5 Kg7 26. dxe6
Rfxe6 27. Rxe6 Rxe6 28. h4 Re2 29. Nd4 Re1+ 30. Kh2 b6 31. Ne6+ Rxe6 0-1

[Event "NB II. Breyer csoport"]
[Site "Tatabanya"]
[Date "2024.02.18"]
[Round "4.12"]
[White "Korim, Adam"]
[Black "Gergely, Andras"]
[Result "1/2-1/2"]
[WhiteElo "1270"]
[BlackElo "1172"]
[PlyCount "69"]
[EventDate "2023.10.08"]
[EventType "team-tourn"]
[EventRounds "9"]
[EventCountry "HUN"]
[Source "chess.hu"]
[WhiteTeam "Tatabanyai SC"]
[BlackTeam "MTK Budapest II."]
[WhiteTeamCountry "HUN"]
[BlackTeamCountry "HUN"]

1. d4 d5 2. Nf3 Nf6 3. Bf4 c5 4. e3 Bg4 5. Nbd2 e6 6. c3 Nc6 7. Bd3 Bd6 8. Bxd6
Qxd6 9. h3 Bh5 10. O-O cxd4 11. exd4 h6 12. Re1 O-O 13. Qc2 Ne7 14. Rac1 Rac8
15. Nf1 Bxf3 16. gxf3 Qf4 17. Kg2 Qg5+ 18. Ng3 Ng6 19. Bxg6 fxg6 20. Rxe6 Rce8
21. Rce1 Rxe6 22. Rxe6 Kf7 23. Qe2 Re8 24. Rxe8 Nxe8 25. Qe3 Qe7 26. f4 Nd6 27.
b3 b5 28. Qe5 Qe6 29. Kf3 a5 30. a4 bxa4 31. bxa4 Nc4 32. Qc7+ Kf6 33. Qd8+ Kf7
34. Qc7+ Kf6 35. Qd8+ 1/2-1/2